Estabilidad y bifurcación estática : aplicaciones y métodos numéricos /

Guardado en:
Autor Principal: López Gómez, Julián.
Formato: Libro
Idioma:Spanish
Publicado: Santa Fe, Argentina : PEMA-GTM, 1988.
Series:Cuadernos de matemática y mecánica. Serie Cursos y seminarios ; no. 4
Etiquetas: Agregar Etiqueta
Sin Etiquetas, Sea el primero en etiquetar este registro!
LEADER 01275nam a22001815a 4500
001 MAT.inmabb003127
008 051027s1988####ag#a#####b####000#0#spa#d
005 20170904172656.0
245 1 0 |a Estabilidad y bifurcación estática :  |b aplicaciones y métodos numéricos /  |c Julián López Gómez. 
260 |a Santa Fe, Argentina :  |b PEMA-GTM,  |c 1988. 
300 |a vi, 249 p. :  |b il. ;  |c 22 cm. 
440 0 |a Cuadernos de matemática y mecánica.  |p Serie Cursos y seminarios ;  |v no. 4 
500 |a Notas de un curso dictado en la Facultad de Ingeniería Química de la Universidad Nacional del Litoral en 1988. 
504 |a Bibliografía: p. 247-249. 
505 0 |a 1. Introducción a la teoría de bifurcación -- 2. Métodos locales de continuación de ramas. El teorema de la función implícita -- 3. Estabilidad de estados de equilibrio y oscilaciones no amortiguadas de ecuaciones diferenciales ordinarias -- 4. Teoría general de la bifurcación uniparamétrica -- 5. Algunos resultados de bifurcación multiparamétrica. Bifurcación de Hopf. Soluciones positivas de sistemas elípticos de tipo Lotka-Volterra -- 6. Algoritmos de resolución de problemas de bifurcación. 
100 1 |a López Gómez, Julián. 
084 |a 37Gxx (65P30)  |2 msc2000 
859 |h 37  |i L864  |p A-9143  |b BIB. MATEMATICA